Most searched words on YouTube 2023 - Statistics

General Stats
  • This quiz has been taken 69 times
  • The average score is 14 of 100
Answer Stats
9Ranking Search volume Hint Answer % Correct
2 6.89 mil Famous Youtuber Mrbeast
82%
11 3.01 mil Famous Youtuber Mr beast
82%
1 10.50 mil Relaxing Asmr
60%
28 2.12 mil Famous Youtuber Pewdiepie
55%
5 5.36 mil Something to listen Music
53%
60 1.60 mil Video game Fortnite
50%
24 2.37 mil Gaming Minecraft
47%
3 5.71 mil Sports Nba
42%
57 1.67 mil Youtuber, boxer Logan Paul
39%
14 2.90 mil Wrestling Wwe
39%
53 1.69 mil Sports league Nfl
34%
41 1.86 mil Former president Trump
32%
20 2.53 mil News Network Fox news
31%
95 1.21 mil Music Bts
29%
87 1.26 mil Gaming websites Roblox
27%
35 1.97 mil Singer Taylor swift
26%
16 2.79 mil Controversial figure - Boxer Andrew Tate
24%
40 1.87 mil News Network Cnn
24%
52 1.71 mil Youtuber - gaming, music Ksi
24%
4 5.48 mil Livestream Music Lofi
24%
84 1.31 mil Livestream Music Lofi girl
24%
56 1.68 mil Kids channel Cocomelon
23%
25 2.18 mil Sports network Espn
21%
15 2.86 mil Country Ukraine
21%
12 2.96 mil Sketches, challenges, gaming Sidemen
19%
33 2.00 mil Youtuber - gaming Dream
18%
86 1.29 mil YouTube (sports) Dude perfect
18%
6 5.10 mil YouTuber - gaming Markiplier
18%
22 2.50 mil Political commentator Ben Shapiro
16%
32 2.02 mil 'The latest ____' News
15%
13 2.95 mil Comedy sketches Snl
15%
93 1.23 mil Music Drake
13%
18 2.59 mil Wrestling Ufc
13%
31 2.05 mil Youtuber - gaming, vlogs Jacksepticeye
11%
66 1.56 mil Music Songs
11%
96 1.19mil Social media platform Youtube
11%
10 3.02 mil Youtuber - gaming Destiny
10%
36 1.94 mil Youtuber - politics Hasanabi
10%
98 1.15 mil Political commentator Jordan Peterson
10%
65 1.57 mil YT channel - tech Linus tech tips
10%
17 2.67 mil Youtuber - gaming Ludwig
10%
92 1.23 mil Youtuber - science, DIY Mark rober
10%
50 1.77 mil Youtuber - comedy sketches Smosh
10%
54 1.69 mil YouTuber - Chess Gothamchess
8%
38 1.93 mil Podcast host Joe Rogan
8%
48 1.77 mil Entertainment (movies) Movie reaction
8%
34 1.99 mil News Network Msnbc
8%
8 3.51 mil Youtuber - gaming, reaction Penguinz0
8%
9 3.39 mil YouTuber - gaming CoryxKenshin
6%
7 3.57 mil Youtuber - sketches Dhar Mann
6%
83 1.31 mil Youtuber - gaming Genshin impact
6%
77 1.43 mil Youtuber - gaming Hamza
6%
63 1.58 mil Youtuber - gaming Ishowspeed
6%
23 2.39 mil YT channel - human behavior Jubilee
6%
76 1.43 mil Comedy trending Memes
6%
61 1.60 mil Animation Msa
6%
27 2.13 mil Music My mix
6%
75 1.44 mil Youtuber - wild eating videos Nikocado avocado
6%
46 1.78 mil YT channel - Kids Sml
6%
43 1.81 mil Youtuber - gaming Sssniperwolf
6%
42 1.84 mil Music Study music
6%
68 1.54 mil Political commentator Tucker Carlson
6%
99 1.15 mil Korean music Twice
6%
89 1.24 mil News event Ukraine war
6%
51 1.73 mil Relaxation White noise
6%
49 1.77 mil Youtuber - Gaming Asmongold
5%
44 1.80 mil YT channel - everything Cut
5%
80 1.39 mil Gaming Game theory
5%
73 1.47 mil Animation Helluva boss
5%
26 2.16 mil Singer Ice spice
5%
30 2.06 mil Gaming websites Ign
5%
29 2.06 mil YouTuber - pranks, vlogs Jidion
5%
82 1.33 mil Youtuber - gaming Kai cenat
5%
21 2.52 mil Sports team Lakers
5%
74 1.45 mil YouTuber - Gaming, reaction Moist critical
5%
85 1.29 mil Animation One piece
5%
91 1.23 mil News Network Tyt
5%
55 1.69 mil Video game Valorant
5%
58 1.62 mil Youtuber - Political debates Vaush
5%
19 2.55 mil Youtuber - gaming Xqc
5%
70 1.48 mil YT channel - commentary, vlogs Aba and breach
3%
45 1.78 mil Youtuber - Gaming Amphau
3%
64 1.58 mil Relaxation Brown noise
3%
72 1.47 mil YouTuber - uncover scammers Coffezilla
3%
94 1.22 mil Youtuber , comedian Colleen ballinger
3%
79 1.40 mil YT channel - random things on the internet Daily dose of internet
3%
88 1.25 mil Video game Destiny 2
3%
39 1.88 mil Video game Diablo 4
3%
97 1.16 mil Animal Donkey
3%
78 1.41 mil YT channel - gaming Flamingo
3%
47 1.78 mil YT channel - dating, women Fresh and fit
3%
100 1.14 mil Gaming Game groups
3%
81 1.36 mil YT channel - comedy, food Gmm
3%
59 1.61 mil Youtuber - Gaming Hogwarts legacy
3%
62 1.60 mil YouTuber - politics Matt welsh
3%
90 1.23 mil Video game Rust
3%
69 1.53 mil Gaming SSundee
3%
71 1.47 mil Youtuber - Gaming Sunnyv2
3%
67 1.54 mil 2021 song Tears of the kingdom
3%
37 1.93 mil Sports Undisputed
3%
No matching quizzes found
Score Distribution
Percent of People with Each Score
Percentile by Number Answered
Your Score History
You have not taken this quiz